Datum a čas kvízu
32
Celkem bodů
Celkový počet nahraných bodů na tomto kvízu bez doplňovacích otázek.
4.
Pořadí na kvízu
Konečné umístění týmu na tomto kvízu.
Zaznamenané odpovědi
| # | Otázka | Odpověď | Body | Výsledky |
|---|---|---|---|---|
| 1. | Jedna kavárna na Šumavě zařadi... | o smažený sýr | 1 | |
| 2. | Na Slovensku byl schválen záko... | B | 1 | |
| 3. | Který hororový snímek získal v... | Hříšníci/Sinners | 1 | |
| 4. | V pondělí opustila přísně stře... | Předmostecká/Předmostí | 0 | |
| 5. | Minulý týden česká média infor... | plyšovým aligátorem | 0 | |
| 6. | Jak se jmenuje horolezec, jenž... | Radek Jaroš | 1 | |
| 7. | Jak se trojslovně jmenuje disc... | lezení na obtížnost | 1 | |
| 8. | Jak se jedním slovem nazývá ho... | mačky | 1 | |
| 9. | Za půl bodu napište jméno ikon... | Matterhorn, Švýcarsko a Itálie | 1 | |
| 10. | Jak se jmenuje fenomenální slo... | B) Janja Garnbret | 1 |